[Event "Challenge"]
[Site "http://www.queenalice.com/game.php?id=1097101"]
[Date "2012.8.27"]
[Round "-"]
[White "obiwanmichou"]
[Black "Zoe"]
[Result "1-0"]
[WhiteElo "2450"]
[BlackElo "1876"]

1. e4 Nf6 2. e5 Nd5 3. d4 d6 4. c4 Nb6 5. f4 dxe5 6. fxe5 Nc6 7. Be3 Bf5 8. Nc3
e6 9. Nf3 Be7 10. d5 exd5 11. cxd5 Nb4 12. Nd4 Bd7 13. Qf3 c5 14. dxc6 bxc6 15.
Be2 Qc7 16. O-O O-O 17. Qg3 g6 18. Ne4 N6d5 19. Bh6 Rfe8 20. e6 Qxg3 21. exf7+
Kh8 22. fxe8=Q+ Rxe8 23. Nxg3 c5 24. Nf3 Nc2 25. Rad1 Be6 26. Ng5 Nce3 27. Nxe6
Nxd1 28. Bxd1 Ne3 29. Bxe3 Bd6 30. Bb3 Be5 31. Ng5 Bxb2 32. Nf7+ Kg7 33. Bh6+
Kg8 34. Nd6+ 1-0

[Event "AUTO-ELITE-1069"]
[Site "http://www.queenalice.com/game.php?id=1115424"]
[Date "2012.10.23"]
[Round "1"]
[White "plexus"]
[Black "obiwanmichou"]
[Result "1/2-1/2"]
[WhiteElo "2684"]
[BlackElo "2464"]

1. e4 e6 2. d4 d5 3. Nd2 Nf6 4. e5 Nfd7 5. Bd3 c5 6. c3 Nc6 7. Ne2 cxd4 8. cxd4
f6 9. exf6 Nxf6 10. O-O Bd6 11. Nf3 Qc7 12. Nc3 a6 13. Bg5 O-O 14. Bh4 Nh5 15.
Re1 g6 16. Rc1 Qg7 17. Bb1 Bf4 18. Rc2 g5 19. Bg3 Nxg3 20. hxg3 Bb8 21. Na4 g4
22. Ne5 Nxe5 23. dxe5 Ba7 24. Nc5 Rf7 25. b4 Bd7 26. Rb2 Raf8 27. Qc1 b6 28.
Nxd7 Rxd7 29. Qc6 Re7 30. b5 axb5 31. Qxb5 Qf7 32. Bd3 Rc7 33. Qb4 h5 34. Bb5
Rfc8 1/2-1/2

[Event "AUTO-ELITE-1069"]
[Site "http://www.queenalice.com/game.php?id=1115425"]
[Date "2012.10.23"]
[Round "1"]
[White "obiwanmichou"]
[Black "plexus"]
[Result "1/2-1/2"]
[WhiteElo "2452"]
[BlackElo "2685"]

1. e4 c5 2. d4 cxd4 3. c3 dxc3 4. Nxc3 Nc6 5. Nf3 d6 6. Bc4 e6 7. O-O Nf6 8. Qe2
Be7 9. Rd1 e5 10. Be3 O-O 11. Rac1 Be6 12. b4 Ng4 13. Bd2 Nxb4 14. Bxe6 fxe6 15.
Qc4 d5 16. exd5 Nxf2 17. Kxf2 Rc8 18. Qg4 Nd3+ 19. Kf1 Qb6 20. Ne4 Rxc1 21. Bxc1
exd5 22. Rxd3 h5 23. Qxh5 dxe4 24. Qxe5 exf3 25. Qd5+ Kh7 26. Qh5+ 1/2-1/2

[Event "AUTO-ELITE-1069"]
[Site "http://www.queenalice.com/game.php?id=1115432"]
[Date "2012.10.23"]
[Round "1"]
[White "obiwanmichou"]
[Black "Chuzete"]
[Result "1/2-1/2"]
[WhiteElo "2461"]
[BlackElo "2511"]

1. e4 c5 2. d4 cxd4 3. c3 d6 4. cxd4 Nf6 5. Nc3 g6 6. Nf3 Bg7 7. Be3 O-O 8. Be2
b6 9. O-O Bb7 10. Nd2 e6 11. Rc1 Nc6 12. a3 Rc8 13. Re1 e5 14. d5 Nd4 15. Bf1 a6
16. Ne2 Rxc1 17. Qxc1 Ng4 18. Bxd4 exd4 19. Nf3 d3 20. Nc3 Bh6 21. Qd1 d2 22.
Re2 Ne5 23. Nxd2 b5 24. Re1 Qb6 25. Nf3 Nxf3+ 26. Qxf3 Bc8 27. Bd3 Bd2 28. Rd1
Bxc3 29. bxc3 Qc5 30. Qf6 Bg4 31. Ra1 Rc8 32. a4 bxa4 33. h3 Bd7 34. c4 Rb8 35.
h4 h5 36. Re1 Qa5 37. Re2 a3 38. Qxd6 Rb3 39. Qxd7 Rxd3 40. Qe8+ Kg7 41. Qe5+
Kg8 42. Qb8+ Kg7 43. Qe5+ 1/2-1/2

[Event "AUTO-ELITE-1069"]
[Site "http://www.queenalice.com/game.php?id=1115433"]
[Date "2012.10.23"]
[Round "1"]
[White "Chuzete"]
[Black "obiwanmichou"]
[Result "1/2-1/2"]
[WhiteElo "2493"]
[BlackElo "2463"]

1. c4 e5 2. g3 Nf6 3. Bg2 c6 4. d4 exd4 5. Qxd4 Na6 6. Nf3 Bc5 7. Qe5+ Qe7 8.
Qxe7+ Bxe7 9. Nc3 Nb4 10. O-O d5 11. cxd5 Nbxd5 12. Nxd5 Nxd5 13. Rd1 O-O 14. e4
Nf6 15. Nd4 Rd8 16. Bf4 Bc5 17. Be3 Bb6 18. h3 h6 19. a4 Re8 20. a5 Bc7 21. a6
Nxe4 22. axb7 Bxb7 23. Nb3 Bc8 24. Rxa7 Rxa7 25. Bxa7 f5 26. Nc5 Nxc5 27. Bxc5
Re6 28. b4 f4 29. Ra1 Kh7 30. Bf1 fxg3 31. Bd3+ Kh8 32. fxg3 Bd6 33. Ra8 Bxc5+
34. bxc5 Re8 35. Bg6 Rf8 36. Bf7 Rxf7 37. Rxc8+ Kh7 38. Rxc6 Rf3 39. Kg2 Rc3 40.
Rc8 Kg6 41. c6 Kf6 42. c7 Kf7 43. h4 Kg6 44. g4 Kf7 45. h5 Rc2+ 46. Kg3 Rc4 47.
Kf3 Rc1 48. Ke4 Re1+ 49. Kd5 Rd1+ 50. Kc6 Rc1+ 51. Kb5 Rb1+ 52. Kc4 Rc1+ 53. Kd3
Rc6 54. Ke4 Rc1 55. g5 hxg5 56. Kf5 Rc5+ 57. Kg4 Rc1 58. Kxg5 Rg1+ 59. Kf4 Rf1+
60. Ke3 Rc1 61. h6 Kg6 62. Kd4 Kh7 63. hxg7 Kxg7 64. Ke5 Re1+ 1/2-1/2

[Event "AUTO-ELITE-1082"]
[Site "http://www.queenalice.com/game.php?id=1125998"]
[Date "2012.11.26"]
[Round "1"]
[White "obiwanmichou"]
[Black "isidorito444"]
[Result "0-1"]
[WhiteElo "2470"]
[BlackElo "2427"]

1. e4 c5 2. d4 cxd4 3. c3 dxc3 4. Nxc3 Nc6 5. Nf3 Nf6 6. Bc4 e6 7. Qe2 d6 8. O-O
Bd7 9. Rd1 h6 10. h3 Be7 11. a3 Qb8 12. Bf4 Ne5 13. Bxe5 dxe5 14. Bb5 a6 15.
Bxd7+ Nxd7 16. Rac1 Nf6 17. Na4 b5 18. Nc5 O-O 19. Nd3 Qb7 20. Re1 Rac8 21. Rxc8
Rxc8 22. Nfxe5 Bd8 23. Ng4 Nxg4 24. Qxg4 Ba5 25. Re3 Bb6 26. Rg3 g6 27. e5 Rc4
28. Qe2 Rd4 29. Rg4 Rd7 30. Rg3 Qc7 31. h4 h5 32. Kh2 Rd4 33. f4 Qe7 34. Rh3 Rc4
35. Qf3 Qd8 36. Qe2 Kg7 37. Qe1 a5 38. Qe2 b4 39. axb4 axb4 40. Qe1 b3 41. Rf3
Rc2 0-1

[Event "AUTO-ELITE-1082"]
[Site "http://www.queenalice.com/game.php?id=1125999"]
[Date "2012.11.26"]
[Round "1"]
[White "isidorito444"]
[Black "obiwanmichou"]
[Result "1-0"]
[WhiteElo "2436"]
[BlackElo "2462"]

1. d4 d5 2. c4 e6 3. Nf3 c5 4. cxd5 exd5 5. Nc3 Nc6 6. dxc5 d4 7. Na4 Bxc5 8.
Nxc5 Qa5+ 9. Bd2 Qxc5 10. Rc1 Qb6 11. e3 Nf6 12. Bc4 dxe3 13. Bxe3 Qb4+ 14. Bd2
Qe7+ 15. Be2 O-O 16. O-O Be6 17. Bb5 Bd5 18. Re1 Qd6 19. Bg5 Rad8 20. Bxc6 Bxc6
21. Qxd6 Rxd6 22. Be3 Ra8 23. Nd4 Bd7 24. f3 Re8 25. Bf2 Rxe1+ 26. Rxe1 h6 27.
Rc1 Ne8 28. b3 g6 29. h4 Kg7 30. Be3 a6 31. Kf2 b5 32. Bf4 Rd5 33. Nc6 Bxc6 34.
Rxc6 a5 35. Ke3 b4 36. g4 f5 37. g5 hxg5 38. hxg5 Kf7 39. Bg3 a4 40. Rb6 axb3
41. axb3 Ng7 42. Rf6+ Ke7 43. Rxg6 Ne6 44. Rh6 Kf7 45. Rf6+ Ke7 46. f4 Nc5 47.
Bh4 Rd3+ 48. Ke2 1-0

[Event "AUTO-ELITE-1082"]
[Site "http://www.queenalice.com/game.php?id=1126000"]
[Date "2012.11.26"]
[Round "1"]
[White "obiwanmichou"]
[Black "sergiogvh"]
[Result "1-0"]
[WhiteElo "2468"]
[BlackElo "2306"]

1. e4 e6 2. d4 d5 3. Nd2 Nf6 4. Bd3 dxe4 5. Nxe4 Be7 6. Nf3 O-O 7. Qe2 Nc6 8. c3
Ne5 9. Nxf6+ Bxf6 10. dxe5 Be7 11. O-O b6 12. Qe4 1-0

[Event "AUTO-ELITE-1082"]
[Site "http://www.queenalice.com/game.php?id=1126001"]
[Date "2012.11.26"]
[Round "1"]
[White "sergiogvh"]
[Black "obiwanmichou"]
[Result "0-1"]
[WhiteElo "2426"]
[BlackElo "2456"]

1. e4 c5 2. d4 cxd4 3. c3 dxc3 4. Nxc3 Nc6 5. Nf3 e6 6. Bc4 Nf6 7. O-O Nxe4 8.
Nxe4 d5 9. Bb5 dxe4 10. Qxd8+ Kxd8 11. Bxc6 bxc6 12. Ne5 Ke8 13. Nxc6 Bb7 14.
Na5 Bd5 15. Be3 Bb4 16. Nb3 Ke7 17. Nd4 Rhc8 18. Rfd1 a5 19. a3 Bd6 20. Nf5+
exf5 21. Rxd5 Ke6 22. Rad1 Rd8 23. g3 Be7 24. Rxd8 Rxd8 25. Rc1 Bf6 26. Rc6+ Rd6
27. Rxd6+ Kxd6 28. b4 axb4 29. axb4 Kc6 30. Bc5 g5 31. Kf1 Kd5 32. Ke2 Be5 33.
Be7 h6 34. Bf8 h5 35. Be7 f6 36. h3 Ke6 37. Bd8 f4 38. gxf4 Bxf4 39. b5 g4 40.
hxg4 hxg4 41. b6 f5 42. b7 Kd7 43. Bb6 Kc6 44. Be3 Bb8 45. Bg5 Kxb7 46. Ke3 Kc6
47. Bh4 Kd5 48. Bg5 g3 49. fxg3 Bxg3 50. Bh6 f4+ 51. Ke2 f3+ 52. Kf1 Kd4 0-1

[Event "AUTO-OPEN-2568"]
[Site "http://www.queenalice.com/game.php?id=1135964"]
[Date "2012.12.31"]
[Round "2"]
[White "rotwein"]
[Black "obiwanmichou"]
[Result "0-1"]
[WhiteElo "2111"]
[BlackElo "2473"]

1. e4 d5 2. exd5 Nf6 3. d4 Bg4 4. f3 Bf5 5. Bb5+ Nbd7 6. c4 e6 7. dxe6 Bxe6 8.
d5 Bf5 9. Ne2 Bc5 10. Nd4 Qe7+ 11. Kf1 Bg6 12. Nb3 O-O-O 13. Bxd7+ Nxd7 14. Nxc5
Qxc5 15. Na3 Ne5 0-1

[Event "AUTO-OPEN-2568"]
[Site "http://www.queenalice.com/game.php?id=1135965"]
[Date "2012.12.31"]
[Round "2"]
[White "obiwanmichou"]
[Black "rotwein"]
[Result "1-0"]
[WhiteElo "2469"]
[BlackElo "2054"]

1. e4 e5 2. Bc4 Bc5 3. Nf3 Nc6 4. c3 Nf6 5. d4 exd4 6. e5 d5 7. Bb5 Ne4 8. cxd4
Bb4+ 9. Bd2 Bxd2+ 10. Nbxd2 Nxd2 11. Bxc6+ bxc6 12. Qxd2 O-O 13. Rc1 Bd7 14. O-O
Rb8 15. Ne1 f6 16. Nd3 Rb6 17. f4 Bf5 18. Nc5 fxe5 19. fxe5 1-0

[Event "AUTO-OPEN-2568"]
[Site "http://www.queenalice.com/game.php?id=1189765"]
[Date "2013.6.11"]
[Round "3"]
[White "plexus"]
[Black "obiwanmichou"]
[Result "1-0"]
[WhiteElo "2678"]
[BlackElo "2449"]

1. e4 e5 2. Nf3 Nf6 3. d4 Nxe4 4. Bd3 d5 5. Nxe5 Nd7 6. Nxd7 Bxd7 7. O-O Bd6 8.
c4 c6 9. cxd5 cxd5 10. Qh5 O-O 11. Qxd5 Bc6 12. Qh5 g6 13. Qh3 Ng5 14. Qg4 Ne6
15. Bh6 Bf4 16. Bxf4 Qxd4 17. Nc3 h5 18. Qg3 Nxf4 19. Rfd1 Qf6 20. Bf1 Rad8 21.
h4 Kh7 22. f3 Rg8 23. Qf2 g5 24. Rxd8 Rxd8 25. hxg5 Qxg5 26. Kh2 h4 27. Rd1 Rg8
28. Rd4 1-0

[Event "AUTO-OPEN-2568"]
[Site "http://www.queenalice.com/game.php?id=1189766"]
[Date "2013.6.11"]
[Round "3"]
[White "obiwanmichou"]
[Black "plexus"]
[Result "0-1"]
[WhiteElo "2453"]
[BlackElo "2674"]

1. e4 e5 2. Nf3 Nc6 3. d4 exd4 4. Nxd4 Nf6 5. Nxc6 bxc6 6. e5 Qe7 7. Qe2 Nd5 8.
c4 Ba6 9. b3 g6 10. f4 d6 11. Bb2 Bg7 12. Qf2 Nf6 13. Be2 dxe5 14. fxe5 Nd7 15.
O-O O-O 16. Nd2 Bxe5 17. Bxe5 Nxe5 18. Ne4 f6 19. Qc5 Qxc5+ 20. Nxc5 Bc8 21. Nd3
Nxd3 22. Bxd3 a5 23. Rae1 Kf7 0-1

[Event "AUTO-OPEN-2568"]
[Site "http://www.queenalice.com/game.php?id=1189767"]
[Date "2013.6.11"]
[Round "3"]
[White "Chezzdevil"]
[Black "obiwanmichou"]
[Result "1/2-1/2"]
[WhiteElo "2517"]
[BlackElo "2446"]

1. d4 Nf6 2. c4 e6 3. Nc3 Bb4 4. Qc2 O-O 5. e4 d5 6. e5 Ne4 7. a3 Bxc3+ 8. bxc3
c5 9. Bb2 cxd4 10. cxd4 Bd7 11. Bd3 Qa5+ 12. Ke2 Rc8 13. f3 Ba4 14. Qc1 f5 15.
exf6 Nxf6 16. c5 Nbd7 17. Qd2 Qc7 18. Nh3 e5 19. Bf5 Re8 20. Kf2 e4 21. Rhe1
exf3 22. Kg1 Ne4 23. Qd3 f2+ 24. Nxf2 Nxf2 25. Kxf2 Rxe1 26. Rxe1 Qxh2 27. Qh3
Qxh3 28. Bxh3 Kf8 29. Kf3 Re8 30. Rxe8+ 1/2-1/2

[Event "AUTO-OPEN-2568"]
[Site "http://www.queenalice.com/game.php?id=1189768"]
[Date "2013.6.11"]
[Round "3"]
[White "obiwanmichou"]
[Black "Chezzdevil"]
[Result "1-0"]
[WhiteElo "2447"]
[BlackElo "2516"]

1. e4 e5 2. Nf3 Nc6 3. d4 exd4 4. Nxd4 Bc5 5. Be3 Qf6 6. Nb5 Bxe3 7. fxe3 Qh4+
8. g3 Qd8 9. Qg4 g5 10. N1c3 Ne5 11. Qe2 d6 12. Bg2 c6 13. Nd4 Bg4 14. Bf3 Nxf3+
15. Nxf3 Qf6 16. Rf1 O-O-O 17. O-O-O Qe7 18. Qc4 Kb8 19. Qd4 Nh6 20. Qg7 Rdg8
21. Qd4 Bh3 22. Rfe1 Rd8 23. Qg7 Rdg8 24. Qxh6 Bg4 25. Qxd6+ Qxd6 26. Rxd6 Bxf3
27. Rd7 Bh5 28. Na4 Kc8 29. Rd4 Re8 30. Rf1 Bg6 31. Nc3 Re6 32. Kd2 Kc7 33. h3
a5 34. a4 Rd8 35. g4 1-0

[Event "AUTO-ELITE-1257"]
[Site "http://www.queenalice.com/game.php?id=1241232"]
[Date "2013.12.19"]
[Round "1"]
[White "Norfair"]
[Black "obiwanmichou"]
[Result "1-0"]
[WhiteElo "2608"]
[BlackElo "2444"]

1. c4 e5 2. g3 Nc6 3. Bg2 f5 4. d3 Nf6 5. Nf3 Bb4+ 6. Nc3 O-O 7. O-O Bxc3 8.
bxc3 d6 9. Rb1 Rb8 10. Ne1 Qe8 11. Nc2 h6 12. Nb4 Nxb4 13. cxb4 Qh5 14. f3 Be6
15. e3 Qg6 16. Qe2 Rbe8 17. Bb2 f4 18. gxf4 exf4 19. e4 Nd7 20. Rf2 Ne5 21. Rc1
Nf7 22. Kh1 1-0

[Event "AUTO-ELITE-1257"]
[Site "http://www.queenalice.com/game.php?id=1241233"]
[Date "2013.12.19"]
[Round "1"]
[White "obiwanmichou"]
[Black "Norfair"]
[Result "0-1"]
[WhiteElo "2449"]
[BlackElo "2603"]

1. d4 d5 2. Nf3 c6 3. Bf4 Nf6 4. e3 Bg4 5. c4 Nbd7 6. Nc3 e6 7. Qb3 Nh5 8. Bg3
Qb6 9. c5 Qxb3 10. axb3 Nxg3 11. hxg3 e5 12. b4 Bxf3 13. gxf3 exd4 14. exd4 g6
15. Kd2 Bg7 16. Re1+ Kd8 17. Kd3 a6 18. Bh3 h5 19. Na4 Rb8 20. Bxd7 Kxd7 21.
Nb6+ Kd8 22. Re2 Bf6 23. Rhe1 g5 24. Na4 Kc7 25. Nb6 Rbg8 26. Na4 h4 27. Rh1 Bd8
28. Nb6 Rh7 0-1

[Event "AUTO-ELITE-1257"]
[Site "http://www.queenalice.com/game.php?id=1241238"]
[Date "2013.12.19"]
[Round "1"]
[White "sidneyjmg"]
[Black "obiwanmichou"]
[Result "1/2-1/2"]
[WhiteElo "2440"]
[BlackElo "2464"]

1. e4 e6 2. Nf3 d5 3. exd5 exd5 4. d4 Nf6 5. Bd3 c5 6. O-O c4 7. Be2 Be7 8. b3
cxb3 9. axb3 O-O 10. c4 Nc6 11. Nc3 Bb4 12. Nxd5 Nxd5 13. cxd5 Qxd5 14. Bc4 Qh5
15. Be3 Bg4 16. Be2 Qd5 17. h3 Bh5 18. Bc4 Qf5 19. Nh4 Bxd1 20. Nxf5 Bc2 21. Ng3
Rfd8 22. Rfc1 Bg6 23. h4 h6 24. d5 Na5 25. h5 Bh7 26. Ra4 Nxc4 27. Rxb4 Nxe3 28.
fxe3 Rxd5 29. Rxb7 a5 30. e4 Rg5 31. Rbc7 Rf8 32. R1c3 g6 33. hxg6 Bxg6 34. Kf2
Re8 35. R3c5 Rxc5 36. Rxc5 Bxe4 37. Nxe4 Rxe4 38. Rxa5 Rb4 1/2-1/2

[Event "AUTO-ELITE-1257"]
[Site "http://www.queenalice.com/game.php?id=1241239"]
[Date "2013.12.19"]
[Round "1"]
[White "obiwanmichou"]
[Black "sidneyjmg"]
[Result "1/2-1/2"]
[WhiteElo "2464"]
[BlackElo "2453"]

1. d4 Nf6 2. Nf3 d5 3. e3 e6 4. Bd3 Be7 5. O-O O-O 6. Nbd2 c5 7. c3 Nc6 8. dxc5
Bxc5 9. b4 Be7 10. b5 Na5 11. Qe2 Bd7 12. Bb2 a6 13. a4 axb5 14. axb5 Qc7 15. e4
Rfc8 16. e5 Nh5 17. Qe3 f6 18. g4 Bc5 19. Nd4 fxe5 20. gxh5 exd4 21. cxd4 Bd6
22. Rfc1 Qd8 23. h6 b6 24. Nf3 Nc4 25. Bxc4 Rxa1 26. Rxa1 dxc4 27. d5 exd5 28.
Bxg7 Bf5 29. Nd4 Qd7 30. Ra7 Qxa7 31. Nxf5 Qf7 32. Nxd6 Qg6+ 33. Kf1 Qxd6 34.
Qg5 Re8 35. Bc3+ 1/2-1/2

[Event "AUTO-ELITE-1069"]
[Site "http://www.queenalice.com/game.php?id=1242307"]
[Date "2013.12.24"]
[Round "2"]
[White "Chuzete"]
[Black "obiwanmichou"]
[Result "1-0"]
[WhiteElo "2477"]
[BlackElo "2464"]

1. e4 e6 2. d4 d5 3. Nc3 Nf6 4. Bg5 Bb4 5. e5 h6 6. Bd2 Bxc3 7. bxc3 Ne4 8. Qg4
Kf8 9. Bd3 Nxd2 10. Kxd2 c5 11. Nf3 c4 12. Be2 b5 13. h4 Nc6 14. a3 a5 15. Qf4
Rb8 16. g4 Qe7 17. h5 b4 18. cxb4 axb4 19. Rhb1 Ra8 20. axb4 Rxa1 21. Rxa1 Qxb4+
22. Kd1 Ke7 23. Qc1 Bd7 24. c3 1-0

[Event "AUTO-ELITE-1069"]
[Site "http://www.queenalice.com/game.php?id=1242308"]
[Date "2013.12.24"]
[Round "2"]
[White "obiwanmichou"]
[Black "Chuzete"]
[Result "0-1"]
[WhiteElo "2456"]
[BlackElo "2485"]

1. e4 c5 2. Nf3 d6 3. c3 Nf6 4. Be2 Bg4 5. h3 Bh5 6. Qb3 Qc7 7. d3 Nc6 8. O-O e6
9. Bf4 Be7 10. Nbd2 O-O 11. Rac1 a6 12. Rfe1 b5 13. Qc2 Rfc8 14. g4 Bg6 15. Nh4
e5 16. Bg3 Nd8 17. Nf1 Ne6 18. Ne3 Qd7 19. Bf3 Rab8 0-1